LEADER 01183nam0 22002771i 450 001 UON00252180 005 20231205103634.394 010 $a88-14-10704-1 100 $a20040331d2004 |0itac50 ba 101 $aita 102 $aIT 105 $a|||| ||||| 200 1 $aˆIl ‰giusto processo amministrativo$eStudio sull'effettività della tutela giurisdizionale nella prospettiva europea$fStefano Tarullo 210 $aMilano$cGiuffrè$d2004 215 $aXV, 688 p.$d23 cm. 410 1$1001UON00174517$12001 $aUniversità degli Studi di Roma "Tor Vergata": Pubblicazioni della Facoltà di Giurisprudenza. Nuova serie.$v15 606 $aProcesso amministrativo$xSaggi$3UONC035168$2FI 620 $aIT$dMilano$3UONL000005 700 1$aTarullo$bStefano$3UONV149605$0269118 712 $aGiuffrè$3UONV257275$4650 801 $aIT$bSOL$c20251121$gRICA 899 $aSIBA - SISTEMA BIBLIOTECARIO DI ATENEO$2UONSI 912 $aUON00252180 950 $aSIBA - SISTEMA BIBLIOTECARIO DI ATENEO$dSI PUB F 0092 $eSI SC 39155 5 0092 $sBuono 996 $aGiusto processo amministrativo$9672824 997 $aUNIOR